Geometry Dash Most Popular Levels - Statistics

General Stats
  • This quiz has been taken 43 times
  • The average score is 27 of 100
Answer Stats
Creator Difficulty Level % Correct
Jax Easy Demon The Nightmare
95%
Riot Extreme Demon Bloodbath
92%
DiMaViKuLoV26 Easy ReTraY
90%
Nicki1202 Hard Outerspace
74%
Zobros Hard Demon Nine Circles
69%
JerkRat Easy Sonar
69%
- Normal Level Easy
67%
Timeless Real Easy Demon The Lightning Road
64%
Knobbelboy Extreme Demon Bloodlust
62%
lSunix Extreme Demon Sonic Wave
59%
TriAxis Easy Demon X
59%
Ggb0y Extreme Demon Cataclysm
54%
Jax Auto Auto Play Area
46%
Roli GD Easy Dark Paradise
46%
Caustic Easy Demon Death Moon
46%
Dorabae Normal Dorabaebasic4
46%
TriAxis Insane Unity
44%
TrusTa Extreme Demon Yatagarasu
44%
Adiale Easy Promises
41%
IIINePtuneIII Easy Demon Xstep v2
41%
ArturoChavez Hard Acid Factory
38%
ZenthicAlpha Easy Demon Speed Racer
38%
Berkoo Hard Amplification
36%
Dorabae Hard Dorabaebasic5
33%
Danolex Harder Shock
33%
ChaSe Easy Demon Sidestep
33%
PMK Normal End Of Line
31%
haoN Easy Demon Extinction
31%
Stamina Harder First Race
31%
Jerry4 Easy Demon Platinum Adventure
31%
Rafer Harder SLAM
31%
SirHadoken Normal Chambers
28%
MasK643 Easy Demon Crescendo
28%
IIINePtuneIII Normal Stereo Madness v2
28%
Sumsar Hard Stereo Madness v2
28%
Adiale Hard Anubis
26%
M2Col Easy Demon Demon Park
26%
Creatorcloud Hard Flappy Hexagon
26%
DzRAS Hard Ichor
26%
Glittershroom Harder Kappaclysm
26%
Darwin Hard Mind Control
26%
Fault Hard Overture
26%
Dhafin Easy Demon Problematic
26%
IIINePtuneIII Hard Back on Track v2
23%
Rek3dge Easy Demon DeCode
23%
Scanbrux Hard Dreamland
23%
DesTicY Insane Ghoul
23%
G4lvatron Hard Lustre
23%
IIINePtuneIII Hard Polargeist v2
23%
Serponge Normal Spooky Light
23%
Rob Buck Easy Demon Buck Force
21%
Alkali Insane Dinosaur
21%
TheRealDarnoc Insane Flappy Bird
21%
God Of Music Harder Frontline Full
21%
Suomi Normal Infernal Arena
21%
Noobas Medium Demon Theory of Skrillex
21%
TrueNature Easy Demon Laser Room
18%
IIINePtuneIII Easy Demon Theory of every v2
18%
ZelLink Hard UFOgeist
18%
ZelLink Normal UFO Madness
18%
ZelLink Hard UFO Madness
18%
TamaN Normal Adrift
15%
xtobe5 Normal ColorZ
15%
FlappySheepy Normal Endless
15%
Glittershroom Normal Glitter Madness 2k15
15%
Mitchell Hard Hexagon Hyperdrive
15%
- Hard High Hill
15%
- Hard Square Adventure
15%
Skitten Harder Aquarius
13%
ZenthicAlpha Normal Back On Track RM
13%
TriAxis Easy Demon Dear Nostalgists
13%
MrCheeseTiger Hard Easy
13%
Izhar Normal LETs GO
13%
Izhar Normal LETs RUN
13%
Spu7Nix Easy Ocean of Dreams
13%
TheRealSalad Hard Phantom
13%
Mixroid Hard Polargeist v01
13%
BranSilver Harder Schade
13%
- Hard Stereo Madness X
13%
KFAOpitar Easy Warmth
13%
ZenthicAlpha Hard Dry Out RM
10%
ASonicMen Hard ElectroWorld
10%
1XxDrawingxX1 Harder Fernanfloo
10%
Jeyzor Hard GoldenClub
10%
Vermillion Normal Mystery Dungeon
10%
TheRM22 Harder Payload
10%
KFAOpitar Normal Remake Level 2
10%
AceVict Harder Secrets
10%
Creator Cloud Hard Simple Cloud
10%
- Harder Flappy UFO
8%
Danolex Normal Highscore
8%
Dverry Easy Lucid Dream
8%
x8Px Easy The World
8%
Berkoo Normal Through Time
8%
aArbolito Hard Almighty
5%
Rabbitical Auto Space Travel
5%
SEM 1 Easy Sunset
5%
- Easy Darkness
3%
FunnyGame Auto Auto Cycles
0%
F3lixsram Hard Divine
0%
No matching quizzes found
Score Distribution
Percent of People with Each Score
Percentile by Number Answered
Your Score History
You have not taken this quiz